000
00245nam a22001097a 4500
040
_c
SK
082
_a
300
100
_a
សួស ចំណាន
245
_a
ការស្រោចស្រព
260
_a
RUA
_b
សួស
_c
2011
942
_c
EK
999
_c
10358
_d
10358